000 00437mam a2200145 4500
082 _a359.009242
_bFOR
100 1 _aFortescue, J. W.
_949223
245 0 0 _aDundonald,
_cby the Hon. J. W. Fortescue.
260 _aLondon and New York,
_bMacmillan and Co.,
_c1895.
300 _aix, 227 p.
_bfront. (port.)
_cl9 cm.
490 1 _aEnglish men of action
526 _a0
_b0
_c0
_d359_009242000000000_FOR
650 _aMCE
_9379
942 _2ddc
_cBK
999 _c552520
_d552520